Computers in medicine : (Record no. 456)

000 -LEADER
fixed length control field 01040cam a22003377a 4500
001 - CONTROL NUMBER
control field 5520462
003 - CONTROL NUMBER IDENTIFIER
control field LIBRIS
005 - DATE AND TIME OF LATEST TRANSACTION
control field 20210420061400.0
008 - FIXED-LENGTH DATA ELEMENTS--GENERAL INFORMATION
fixed length control field 011211s1986 xxu 000 0 eng c
020 ## - INTERNATIONAL STANDARD BOOK NUMBER
International Standard Book Number 0721615783 ;
Terms of availability CIP entry
040 ## - CATALOGING SOURCE
Original cataloging agency Gm
Transcribing agency DLC
080 ## - UNIVERSAL DECIMAL CLASSIFICATION NUMBER
Universal Decimal Classification number 61
Item number J-29
082 0# - DEWEY DECIMAL CLASSIFICATION NUMBER
Classification number 610
Item number .28
Edition number 19
084 ## - OTHER CLASSIFICATION NUMBER
Classification number V
Number source kssb/8 (machine generated)
100 ## - MAIN ENTRY--PERSONAL NAME
9 (RLIN) 379
Personal name Javitt,Jonathan
245 00 - TITLE STATEMENT
Title Computers in medicine :
Remainder of title applications and possibilities /
Statement of responsibility, etc. [edited by] Jonathan Javitt
260 ## - PUBLICATION, DISTRIBUTION, ETC.
Place of publication, distribution, etc. Philadelphia :
Name of publisher, distributor, etc. Saunders,
Date of publication, distribution, etc. 1986
300 ## - PHYSICAL DESCRIPTION
Extent 317 s. :
Other physical details ill.
650 #0 - SUBJECT ADDED ENTRY--TOPICAL TERM
Topical term or geographic name entry element Computers
650 #0 - SUBJECT ADDED ENTRY--TOPICAL TERM
Topical term or geographic name entry element Practice Management, Medical
650 #2 - SUBJECT ADDED ENTRY--TOPICAL TERM
Topical term or geographic name entry element Computers
650 #2 - SUBJECT ADDED ENTRY--TOPICAL TERM
Topical term or geographic name entry element Practice management, medical
650 #2 - SUBJECT ADDED ENTRY--TOPICAL TERM
Topical term or geographic name entry element Computers
650 #2 - SUBJECT ADDED ENTRY--TOPICAL TERM
Topical term or geographic name entry element Practice management, medical
653 ## - INDEX TERM--UNCONTROLLED
Uncontrolled term მედიცინა
653 ## - INDEX TERM--UNCONTROLLED
Uncontrolled term კომპიუტერები მედიცინაში
700 1# - ADDED ENTRY--PERSONAL NAME
Personal name Javitt, Jonathan
Relationship oth
942 ## - ADDED ENTRY ELEMENTS (KOHA)
Source of classification or shelving scheme
Koha item type Books
Holdings
Withdrawn status Lost status Source of classification or shelving scheme Damaged status Not for loan Permanent location Current location Date acquired Inventory number Total Checkouts Full call number Barcode Date last seen Price effective from Koha item type
          Ken Walker International University Ken Walker International University 11/26/2020 113   61 J-29 113 11/26/2020 11/26/2020 Books

Powered by Koha